000 00585nam a2200181Ia 4500
003 OSt
005 20240809111110.0
008 210210b1956 xxu||||| |||| 00| 0 eng d
040 _cAL
041 _aKannada
082 _a856/170
100 _aDESHAPANDE (K S)
_9159798
_dದೇಶಪಾಂಡೆ ಕೆ ಎಸ್
245 _aBharatadalli granthalaya prasara
_bಭಾರತದಲ್ಲಿ ಗ್ರಂಥಾಲಯ ಪ್ರಸಾರ
260 _aDharavada
_bKarnataka Vishvavidyanilalya
_c1956
690 _aKannada Miscellaneous
_9159799
906 _a020410
942 _2ddc
_cBK
999 _c144559
_d144559